000 00394nam a22001457a 4500
999 _c4379
_d4379
008 200803b ||||| |||| 00| 0 eng d
082 0 0 _a620.1122
_bT828
100 _93535
_a Trigg, C. F.
245 1 0 _aAn engineer's approach to corrosion
_cby C. F. Trigg
260 _aLondon
_bPitman
_c1952
300 _aix,133 p.
365 _d11.04
650 0 _aCorrosion and Anti - Corrosives
942 _cBK